Estadísticas para Capitales de los paises con el sufijo STAN

Haz click aquí para tomar la prueba!

Estadísticas generales

  • Esta prueba ha sido tomada 244 veces
    (227 desde el último reinicio)
  • La puntuación promedio es 5 de 7

Estadísticas de respuestas

PaísCapital% Correcto
AfganistánKabul
93%
KazajistánNursultán
84%
PakistánIslamabad
73%
KirguistánBiskek
66%
UzbekistánTaskent
54%
TayikistanDusambé
51%
TurkmenistánAsjabad
45%

Distribución de puntuación

Porcentaje por número respondido

Porcentaje de gente con cada puntuación

Historial de tus puntuaciones

No has tomado esta prueba desde el último reinicio